Le Nouvel Espaces 3. Guide Pedagogique: Perfectionnement

Xehetasun bibliografikoak
Egile nagusia: Capelle G. Guy
Beste egile batzuk: Gidon N. Noelle, Molinie M. Muriel
Hizkuntza:frantsesa
Argitaratua: Paris, Hachette Livre, 1996
Gaiak:
Formatua: Liburua
KOHA link:https://koha.lib.tpu.ru/cgi-bin/koha/opac-detail.pl?biblionumber=12800

MARC

LEADER 00000nam0a2200000 4500
001 12800
005 20231101204841.0
010 |a 2011550610 
035 |a (RuTPU)RU\TPU\book\12879 
035 |a BOOK00012945 
090 |a 12800 
100 |a 20011209d1996 m y0frey50 ba 
101 0 |a fre 
102 |a FR 
105 |a y j 000zy 
200 1 |a Le Nouvel Espaces 3. Guide Pedagogique  |e Perfectionnement  |f G. Capelle, N. Gidon, M. Molinie 
210 |a Paris  |c Hachette Livre  |d 1996 
215 |a 159 p. 
606 1 |a Французский язык  |x Учебные руководства и пособия для вузов  |2 stltpush  |3 (RuTPU)RU\TPU\subj\16836  |9 42736 
610 1 |a учебные пособия 
686 |a Ш147.11-923  |v LBC/SL-A  |2 rubbk 
700 1 |a Capelle  |b G.  |g Guy 
701 1 |a Gidon  |b N.  |g Noelle 
701 1 |a Molinie  |b M.  |g Muriel 
801 0 |a RU  |b 63413507  |c 20011209  |g PSBO 
801 2 |a RU  |b 63413507  |c 20161102  |g PSBO 
942 |c BK